Deutsche Trainer bei internationalen Topclubs (Fußball) - Statistiken

Allgemein
  • Dieses Quiz wurde 172 mal gespielt
  • Das Durchschnittsergebnis liegt bei 9 aus 16
Antwortstatistiken
Verein Zeitraum Trainer % Korrekt
FC Barcelona seit 2024 Hansi Flick
97%
Liverpool 2015-2024 Jürgen Klopp
96%
PSG 2018-2020 Thomas Tuchel
95%
Chelsea 2021-2022 Thomas Tuchel
95%
PSV 2020-2022 Roger Schmidt
76%
Benfica 2022-2024 Roger Schmidt
76%
Man United 2021-2022 Ralf Rangnick
72%
Real Madrid 1997-1998 Jupp Heynckes
67%
Real Madrid 2007-2008 Bernd Schuster
50%
Marseille 1990-1991 Franz Beckenbauer
49%
AS Rom 2004 Rudi Völler
39%
FC Barcelona 1981-1983 Udo Lattek
37%
FC Barcelona 1975-1976 Hennes Weisweiler
23%
PSV 1968-1972 Kurt Linder
3%
Marseille 1972-1973 Kurt Linder
3%
Ajax 1981-1982,1988 Kurt Linder
3%
Keine übereinstimmenden Quizze gefunden
Verteilung der Resultate
Anzahl Personen mit jedem Resultat
Perzentil nach korrekt beantworteten Fragen
Ihre Resultats-Entwicklung
Sie haben dieses Quiz noch nicht gespielt